<?xml version="1.0" encoding="UTF-8"?>
<record
    xmlns:xsi="http://www.w3.org/2001/XMLSchema-instance"
    xsi:schemaLocation="http://www.loc.gov/MARC21/slim http://www.loc.gov/standards/marcxml/schema/MARC21slim.xsd"
    xmlns="http://www.loc.gov/MARC21/slim">

  <leader>02185nam a2200265Ia 4500</leader>
  <controlfield tag="003">OSt</controlfield>
  <controlfield tag="005">20200909174119.0</controlfield>
  <controlfield tag="008">191128s2011    sp     gr     000 0 spa d</controlfield>
  <datafield tag="020" ind1=" " ind2=" ">
    <subfield code="a">9788483195901</subfield>
  </datafield>
  <datafield tag="040" ind1=" " ind2=" ">
    <subfield code="a">CO-JMCR</subfield>
    <subfield code="c">CO-JMCR</subfield>
  </datafield>
  <datafield tag="041" ind1="0" ind2=" ">
    <subfield code="a">spa</subfield>
  </datafield>
  <datafield tag="082" ind1="0" ind2="4">
    <subfield code="a">364.133 /</subfield>
    <subfield code="b">E711p</subfield>
    <subfield code="2">23</subfield>
  </datafield>
  <datafield tag="100" ind1="1" ind2=" ">
    <subfield code="a">Escario, Jos&#xE9; Luis, </subfield>
    <subfield code="e">autor</subfield>
    <subfield code="9">10067</subfield>
  </datafield>
  <datafield tag="245" ind1="1" ind2="0">
    <subfield code="a">Para&#xED;sos fiscales : </subfield>
    <subfield code="b">los agujeros negros de la econom&#xED;a globalizada / </subfield>
    <subfield code="c">Jos&#xE9; Luis Escario ; pr&#xF3;logo de Manuel de la Rocha V&#xE1;squez.</subfield>
  </datafield>
  <datafield tag="260" ind1=" " ind2=" ">
    <subfield code="a">Madrid : </subfield>
    <subfield code="b">Catarata, </subfield>
    <subfield code="c">2011</subfield>
  </datafield>
  <datafield tag="300" ind1=" " ind2=" ">
    <subfield code="a">122 p&#xE1;ginas ; </subfield>
    <subfield code="c">21 cm.</subfield>
  </datafield>
  <datafield tag="490" ind1="0" ind2=" ">
    <subfield code="a">Los libros de la catarata ; </subfield>
    <subfield code="v">3</subfield>
  </datafield>
  <datafield tag="500" ind1=" " ind2=" ">
    <subfield code="a">Incluye datos biogr&#xE1;ficos del autor en solapa frontal.</subfield>
  </datafield>
  <datafield tag="504" ind1=" " ind2=" ">
    <subfield code="a">Bibliograf&#xED;a: p&#xE1;ginas 121-122</subfield>
  </datafield>
  <datafield tag="505" ind1="0" ind2=" ">
    <subfield code="a">Para&#xED;sos fiscales y crisis econ&#xF3;mica -- La lucha contra las practicas fiscales nocivas en la agenda internacional y el fortalecimiento de los sistemas fiscales -- La transparencia en la presentaci&#xF3;n de las cuentas de las multinacionales y los bancos como</subfield>
  </datafield>
  <datafield tag="520" ind1="3" ind2=" ">
    <subfield code="a">La reciente crisis econ&#xF3;mica ha puesto en evidencia los efectos perniciosos de los para&#xED;sos fiscales y de las pr&#xE1;cticas asociadas a ellos, como la evasi&#xF3;n y la elusi&#xF3;n fiscal. Actualmente ha quedado bien claro que ya no se trata de un problema colateral que los gobiernos m&#xE1;s o menos han tolerado hist&#xF3;ricamente. Tras el derrumbe de Lehman Brothers y el colapso econ&#xF3;mico-financiero, muchas voces advierten que el problema ya ha alcanzado una dimensi&#xF3;n tal que amenaza a la econom&#xED;a en general, al sostenimiento del Estado del bienestar y a la lucha contra la pobreza en el mundo. Conscientes de ello, en los cinco G20 que se celebraron tras la crisis de 2008, los l&#xED;deres pol&#xED;ticos incluyeron en la agenda la lucha contra las jurisdicciones ?no-cooperativas?. Existe sin embargo un riesgo de que tras la crisis se olvide el papel determinante de los para&#xED;sos fiscales, as&#xED; como la parte de responsabilidad que corresponde a ciertas multinacionales y bancos, principales usuarios de estos agujeros negros del sistema financiero.</subfield>
  </datafield>
  <datafield tag="650" ind1="1" ind2="4">
    <subfield code="a">Para&#xED;sos fiscales  </subfield>
    <subfield code="9">10068</subfield>
  </datafield>
  <datafield tag="650" ind1="1" ind2="4">
    <subfield code="a">Lucha contra pr&#xE1;cticas fiscales</subfield>
    <subfield code="9">10069</subfield>
  </datafield>
  <datafield tag="942" ind1=" " ind2=" ">
    <subfield code="2">ddc</subfield>
    <subfield code="c">BK</subfield>
  </datafield>
  <datafield tag="999" ind1=" " ind2=" ">
    <subfield code="c">5950</subfield>
    <subfield code="d">5950</subfield>
  </datafield>
  <datafield tag="952" ind1=" " ind2=" ">
    <subfield code="0">0</subfield>
    <subfield code="1">0</subfield>
    <subfield code="2">ddc</subfield>
    <subfield code="4">0</subfield>
    <subfield code="7">0</subfield>
    <subfield code="8">NFIC</subfield>
    <subfield code="a">CPL</subfield>
    <subfield code="b">CPL</subfield>
    <subfield code="d">2018-04-15</subfield>
    <subfield code="e">Donaci&#xF3;n</subfield>
    <subfield code="l">1</subfield>
    <subfield code="o">364.133 / E711p </subfield>
    <subfield code="p">430011272</subfield>
    <subfield code="r">2025-07-30 10:27:47</subfield>
    <subfield code="s">2025-07-29</subfield>
    <subfield code="t">Ej.1</subfield>
    <subfield code="y">BK</subfield>
  </datafield>
</record>
